01598 2200349 4500001002100000005001500021035002000036008004100056020001500097041000800112082001300120084001700133100004200150245009100192260005100283300002600334500002400360520053900384650002500923990002500948990002500973990002500998990002501023990002501048990002501073990002501098990002501123990002501148990002501173990002501198990002501223INLIS00000000000042220221102023225 a0010-0520000422221102 | | eng  a904112568X aeng a343.0721 a343.0721 ANT0 aAntitrust Developments in Europe 20051 aAntitrust Developments in Europe 2005 /cEdited by Romano Subiotto and Robert Snelders aNetherlands :bKluwer Law International,c2006 axvi, 217 p. ;c25 cm. aIndeks : p. 203-217 aAntitrust Developments in Europe 2005 provides a comprehensive and practical commentary on the past year's major developments in EC and national antitrust law. Topics include : Vertical Restrains, Horizontal Agreements, Abuse of Market Power, Mergers & Acquisitions, Joint Ventures, State Aid, Policy and Procedures.This insightful and concise analysis of major antitrust actions contained in this yearbook will be invaluable to antitrust legal practitioners, in-house counsel, businesspeople and others with an interest in the field. 4aAntitrust Law-Europe a09544/MKRI-P/XI-2008 a09545/MKRI-P/XI-2008 a09543/MKRI-P/XI-2008 a09545/MKRI-P/XI-2008 a09544/MKRI-P/XI-2008 a09543/MKRI-P/XI-2008 a09544/MKRI-P/XI-2008 a09545/MKRI-P/XI-2008 a09543/MKRI-P/XI-2008 a09543/MKRI-P/XI-2008 a09544/MKRI-P/XI-2008 a09545/MKRI-P/XI-2008